000 00576cam a2200193 4500500
005 20260405002746.0
041 _afre
042 _adc
100 1 0 _aPortevin, Catherine
_eauthor
700 1 0 _aPortevin, Catherine
_eauthor
245 0 0 _aLes Deux arbres de la Voie
260 _c2018.
500 _a43
690 _aChine
690 _aConfucius
690 _aLao-tseu
786 0 _nPhilosophie magazine | 121 | 8 | 2018-07-01 | p. 58-58 | 1951-1787
856 4 1 _uhttps://shs.cairn.info/magazine-philosophie-magazine-2018-8-page-58?lang=fr&redirect-ssocas=7080
999 _c2060836
_d2060836